Sigma, El mundo de las matemáticas (Registro nro. 4351)

Detalles MARC
000 -LEADER
fixed length control field 01666 a2200217 4500
001 - CONTROL NUMBER
control field 47364
005 - DATE AND TIME OF LATEST TRANSACTION
control field 20260407155741.0
008 - FIXED-LENGTH DATA ELEMENTS--GENERAL INFORMATION
fixed length control field 260407a1997 arg spa d
003 - CONTROL NUMBER IDENTIFIER
control field AR-UNSa-BCEJYS
040 ## - CATALOGING SOURCE
Original cataloging agency AR-UNSa-BCEJYS
Language of cataloging spa
Transcribing agency AR-UNSa-BCEJYS
080 ## - UNIVERSAL DECIMAL CLASSIFICATION NUMBER
Universal Decimal Classification number 510
Common auxiliary subdivision Consideraciones fundamentales y generales de las matemáticas<br/>
020 ## - INTERNATIONAL STANDARD BOOK NUMBER
International Standard Book Number 978-84-253-0250-3
100 1# - MAIN ENTRY--PERSONAL NAME
Personal name Newman, James R.
245 10 - TITLE STATEMENT
Title Sigma, El mundo de las matemáticas
264 #1 - PRODUCTION, PUBLICATION, DISTRIBUTION, MANUFACTURE, AND COPYRIGHT NOTICE
Place of production, publication, distribution, manufacture Barcelona :
Name of producer, publisher, distributor, manufacturer Ediciones Grijalbo
Date of production, publication, distribution, manufacture, or copyright notice 1997
300 ## - PHYSICAL DESCRIPTION
Extent 6v.
Dimensions 23 cm.
505 ## - FORMATTED CONTENTS NOTE
Formatted contents note Vol. I: 1. Historias y biografías - 2. Estudio general -- Vol. II: 1. Las matematicas y el mundo físico -- Vol. III: 1. Las leyes de la probabilidad - 2. Las estadisticas y la programación de los experimentos - 3. Matematicas y ciencias sociales -- Vol. IV: 1. Aritmética, números y arte de contar - 2. Matematicas del espacio y del movimiento - 3. Arte supremo de la abstracción: Teoría de los grupos - 4. Las matemáticas del infinito -- Vol. V: 1. La verdad matemática y la estructura de las matematicas - 2. Forma del pensamiento matemático - 3. Matemáticas y lógica - 4. La sinrazón de las matemáticas - 5. Como solucionarlo - 6. El vocabulario de las matemáticas - 7. Las matemáticas como arte - 8. El matemático -- Vol. VI: 1. Máquinas matemáticas. ¿Puede pensar una máquina? - 2. Las matemáticas y el arte de la guerra - 3. Teoría matemática del arte - 4. Las matemáticas del bien - 5. Las matemáticas en la literatura.
590 ## - LOCAL NOTE (RLIN)
Local note niveau_biblio:m niveau_hierar:0
856 41 - ELECTRONIC LOCATION AND ACCESS
Uniform Resource Identifier <a href="https://www.biblioeco.unsa.edu.ar/pmb/images/libros/L127487.jpg">https://www.biblioeco.unsa.edu.ar/pmb/images/libros/L127487.jpg</a>
Link text Imagen de portada
Electronic format type image/jpeg
942 ## - ADDED ENTRY ELEMENTS (KOHA)
Koha item type
Existencias
Withdrawn status Lost status Damaged status Not for loan Home library Current library Shelving location Date acquired Total checkouts Full call number Barcode Date last seen Price effective from Koha item type
        Biblioteca Prof. Eusebio Cleto del Rey Biblioteca Prof. Eusebio Cleto del Rey   07/04/2026   510 N551 v.1 L127487 07/04/2026 07/04/2026 Libro
        Biblioteca Prof. Eusebio Cleto del Rey Biblioteca Prof. Eusebio Cleto del Rey   07/04/2026   510 N551 v.2 L127488 07/04/2026 07/04/2026 Libro
        Biblioteca Prof. Eusebio Cleto del Rey Biblioteca Prof. Eusebio Cleto del Rey   07/04/2026   510 N551 v.3 L127489 07/04/2026 07/04/2026 Libro
        Biblioteca Prof. Eusebio Cleto del Rey Biblioteca Prof. Eusebio Cleto del Rey   07/04/2026   510 N551 v.4 L127490 07/04/2026 07/04/2026 Libro
        Biblioteca Prof. Eusebio Cleto del Rey Biblioteca Prof. Eusebio Cleto del Rey   07/04/2026   510 N551 v.5 L127491 07/04/2026 07/04/2026 Libro
        Biblioteca Prof. Eusebio Cleto del Rey Biblioteca Prof. Eusebio Cleto del Rey   07/04/2026   510 N551 v.6 L127492 07/04/2026 07/04/2026 Libro